000 00255nam a2200109Ia 4500
008 220204s9999 xx 000 0 und d
082 _a23/28(729.4)
_bMET;1
100 _aMetraux, Alfred
245 0 _aVoodoo
260 _aLondon
_bSphere
_c1974
942 _cBK
999 _c28926
_d28926